000
00352nam a2200157Ia 4500
008
160105s9999 xx 000 0 und d
110
_a
Office national des statistiques
245
_a
L'Algérie en quelques chiffres
260
_a
Alger
260
_b
ONS
260
_c
2010
300
_b
ill.
942
_c
09
994
_a
126511
999
_c
25737
_d
53735